Reflexiones sobre la prescripción adquisitiva en el Código Civil y Comercial de la Nación a diez años de su entrada en vigencia / (Registro nro. 5684)
[ vista simple ]
| 000 -LEADER | |
|---|---|
| fixed length control field | 01726nab a22002657a 4500 |
| 003 - CONTROL NUMBER IDENTIFIER | |
| control field | OSt |
| 005 - DATE AND TIME OF LATEST TRANSACTION | |
| control field | 20251226235409.0 |
| 008 - FIXED-LENGTH DATA ELEMENTS--GENERAL INFORMATION | |
| fixed length control field | 190603e xxum|||| |||| 00| 0 spa d |
| 040 ## - CATALOGING SOURCE | |
| Transcribing agency | PJ |
| 100 ## - MAIN ENTRY--PERSONAL NAME | |
| 9 (RLIN) | 4799 |
| Personal name | Iturbide, Gabriela A. |
| 245 10 - TITLE STATEMENT | |
| Title | Reflexiones sobre la prescripción adquisitiva en el Código Civil y Comercial de la Nación a diez años de su entrada en vigencia / |
| Statement of responsibility, etc | Gabriela A. Iturbide. |
| 260 ## - PUBLICATION, DISTRIBUTION, ETC. (IMPRINT) | |
| Date of publication, distribution, etc | Ciudad Autónoma de Buenos Aires : |
| Place of publication, distribution, etc | Thomson Reuters La Ley, |
| Name of publisher, distributor, etc | 2025. |
| 300 ## - PHYSICAL DESCRIPTION | |
| Extent | p. 176-198 |
| 500 ## - GENERAL NOTE | |
| General note | Cita: TR LALEY AR/DOC/1757/2025 <br/>Publicado en: RCCyC 2025 (agosto). |
| 505 ## - FORMATTED CONTENTS NOTE | |
| Formatted contents note | Sumario: I. Introducción.— II. El tiempo.— III. Los requisitos de la posesión.— IV. Prescripción larga.— V. Prescripción larga abreviada de diez años en materia de cosas muebles.— VI. Legitimación activa y pasiva en el juicio de usucapión.— VII. Efectos de la sentencia en el juicio de usucapión larga.— VIII. Fecha de la adquisición del derecho real.— IX. Anotación de litis en el juicio de usucapión larga.— X. Usucapión breve.— XI. Causales de suspensión del plazo de la prescripción.— XII. Causales de interrupción del plazo de prescripción.— XIII. Palabras finales. |
| 505 ## - FORMATTED CONTENTS NOTE | |
| Title | ¿Te interesa el texto completo? Solicitalo al correo: koha@justierradelfuego.gov.ar |
| 650 #0 - SUBJECT ADDED ENTRY--TOPICAL TERM | |
| 9 (RLIN) | 1497 |
| Topical term or geographic name as entry element | CODIGO CIVIL Y COMERCIAL |
| 650 #0 - SUBJECT ADDED ENTRY--TOPICAL TERM | |
| 9 (RLIN) | 1821 |
| Topical term or geographic name as entry element | DERECHOS REALES |
| 650 #0 - SUBJECT ADDED ENTRY--TOPICAL TERM | |
| 9 (RLIN) | 2324 |
| Topical term or geographic name as entry element | PRESCRIPCIÓN ADQUISITIVA |
| 650 #0 - SUBJECT ADDED ENTRY--TOPICAL TERM | |
| 9 (RLIN) | 2289 |
| Topical term or geographic name as entry element | POSESIÓN |
| 650 #0 - SUBJECT ADDED ENTRY--TOPICAL TERM | |
| 9 (RLIN) | 2274 |
| Topical term or geographic name as entry element | BIENES INMUEBLES |
| 650 #0 - SUBJECT ADDED ENTRY--TOPICAL TERM | |
| 9 (RLIN) | 3092 |
| Topical term or geographic name as entry element | PRESCRIPCIÓN |
| 773 0# - HOST ITEM ENTRY | |
| Host Biblionumber | 2713 |
| Host Itemnumber | 3170 |
| Place, publisher, and date of publication | Ciudad Autónoma de Buenos Aires : Thomson Reuters La Ley, 2015- |
| Title | Revista Código Civil y Comercial. Nº 4 - Agosto 2025 |
| 942 ## - ADDED ENTRY ELEMENTS (KOHA) | |
| Source of classification or shelving scheme | |
| Koha item type | Analítica Artículo de Revista |
No hay ítems disponibles.
